Manual para la pareja animadora : ¿Por qué nos junatmos?.

Збережено в:
Бібліографічні деталі
Співавтор: Centro de Investigación y Desarrollo de la Educación (CIDE)
Формат: Книга
Мова:Іспанська
Серія:(Programa nos juntamos ; 1).
Предмети:
Теги: Додати тег
Немає тегів, Будьте першим, хто поставить тег для цього запису!

MARC

LEADER 00000nam^a2200000^u^4500
001 000497858
005 20250521000000.0
008 070509s1000^^^^^^^^^^^^r^^^^^000^0^spa^d
009 20260310125644.74
035 |a FCE 000041684 
037 |a Acervo ITESO - Biblioteca 
041 |a spa 
082 0 4 |a 082.1  |b CIDE 1 
110 |a Centro de Investigación y Desarrollo de la Educación (CIDE) 
245 1 0 |a Manual para la pareja animadora :  |b ¿Por qué nos junatmos?. 
264 |a Santiago de Chile :  |b CIDE,  |c 1985. 
300 |a 10 p. 
336 |a texto  |b txt  |2 rdacontenido 
337 |a sin mediación  |b n  |2 rdamedio 
338 |a volumen  |b nc  |2 rdasoporte 
440 0 |a (Programa nos juntamos ;  |v 1). 
649 |a XX 
650 |a Manual 
650 |a Relación familiar 
910 |a Fondo Centro de Estudios Educativos 
920 |a Impresos - Libros 
930 |a Fondos Especiales 
905 |a 133 
901 |a ALE048722  |b IT2  |c CEE  |u 20250521 
902 |a https://opac.biblio.iteso.mx/vufind/Record/000497858